| 000 | 00511nam a22001937a 4500 | ||
|---|---|---|---|
| 005 | 20251108173241.0 | ||
| 008 | 250721s1998 xx 000 0 ara d | ||
| 020 | _a1855132273 | ||
| 082 | 1 | 4 | _aق/هام |
| 100 | 1 |
_aهاميت، داشيل _eمؤلف |
|
| 245 | 1 | 0 | _aالمفتاح الزجاجي / |
| 246 | 1 | 1 | _athe glass key |
| 264 | 1 |
_aبيروت : _bصوت الناس، _c1998. |
|
| 300 | _a362ص. | ||
| 650 | 1 | 7 | _aأدب المترجم |
| 650 | 1 | 7 | _aالقصص |
| 942 |
_2ddc _cBK |
||
| 999 |
_c99560 _d99560 |
||